000 00311nam a2200109Ia 4500
008 200302s9999 xx 000 0 und d
100 _aMike Jenks & Others
245 _aWorld Cities and Urban Form Fragmented Polycentric Sustainable
260 _bRoutledge Taylor & Francis Group
260 _c2008
300 _a373
999 _c5265
_d5265